[Event "C.to Provinciale CA"]
[Site "Sinnai ITA"]
[Date "2001.01.21"]
[Round "2"]
[White "Clementini, Lorenzo"]
[Black "Abis, Roberto"]
[Result "1-0"]
[WhiteElo "1820"]
[BlackElo "1581"]
[PlyCount "65"]
[EventDate "2001.01.20"]

1. d4 Nf6 2. c4 e6 3. Nc3 c5 4. d5 exd5 5. cxd5 d6 6. e4 g6 7. f4 Bg7 8. Nf3
O-O 9. Be2 Re8 10. e5 dxe5 11. fxe5 Nfd7 12. Bf4 Nxe5 13. O-O a6 14. d6 Nxf3+
15. Bxf3 Bxc3 16. bxc3 Nc6 17. Qd5 Be6 18. Qxc5 Rc8 19. Rab1 Qd7 20. a4 Bf5 21.
Rb6 Ne5 22. Qd5 Nxf3+ 23. gxf3 Rc6 24. a5 Re2 25. Qd4 Bh3 26. Bh6 f6 27. Qxf6
Rc8 28. Rfb1 Re6 29. Qd4 Rb8 30. Qd5 Qf7 31. c4 g5 32. d7 Rxb6 33. d8=Q+ 1-0

[Event "C.to Provinciale CA"]
[Site "Sinnai ITA"]
[Date "2001.01.21"]
[Round "2"]
[White "Collu, Giuseppe"]
[Black "Sanfilippo, Carlo"]
[Result "1/2-1/2"]
[WhiteElo "1503"]
[BlackElo "1533"]
[PlyCount "105"]
[EventDate "2001.01.20"]

1. e4 d6 2. d4 Nf6 3. Nc3 g6 4. Bg5 Bg7 5. f4 O-O 6. Nf3 c5 7. d5 Qb6 8. Qd2
Na6 9. Bd3 Bg4 10. O-O Bxf3 11. Rxf3 Qb4 12. Bxf6 Bxf6 13. Rb1 c4 14. Be2 Qc5+
15. Kh1 b5 16. a3 Nc7 17. f5 a5 18. Rh3 Bg7 19. Rf1 b4 20. Nb1 c3 21. bxc3 bxc3
22. Nxc3 Ne8 23. a4 Nf6 24. Bb5 Rfc8 25. Bc6 Qc4 26. Qd3 Qxd3 27. Rxd3 Rab8 28.
h3 Rb2 29. Rd2 Nh5 30. Ne2 Bh6 31. Rd3 Rxc2 32. Nd4 Rb2 33. Rdf3 Bg7 34. Nb3
Be5 35. Rd1 Ng3+ 36. Kg1 Nxe4 37. Nxa5 Nc3 38. Rdf1 Ne2+ 39. Kh1 Ng3+ 40. Rxg3
Bxg3 41. fxg6 hxg6 42. Nc4 Rb4 43. Nd2 f5 44. a5 Rc7 45. a6 Ra7 46. Bb7 Rbxb7
47. axb7 Rxb7 48. Nf3 Kg7 49. Rd1 Kf6 50. Kg1 Rb2 51. Kf1 Rf2+ 52. Kg1 Re2 53.
Kf1 1/2-1/2

[Event "C.to Provinciale CA"]
[Site "Sinnai ITA"]
[Date "2001.01.21"]
[Round "2"]
[White "Corona, Danilo"]
[Black "Monni, Vittorio"]
[Result "0-1"]
[WhiteElo "1566"]
[BlackElo "1729"]
[PlyCount "84"]
[EventDate "2001.01.20"]

1. e4 c5 2. c3 Nf6 3. e5 Nd5 4. d4 e6 5. Nf3 a6 6. a3 b5 7. c4 bxc4 8. Bxc4 Bb7
9. Nc3 Nb6 10. Bd3 Qc7 11. dxc5 Bxc5 12. Ne4 Be7 13. Be3 Nd5 14. Rc1 Nc6 15.
Bd2 Rc8 16. b4 Qb8 17. O-O Nxe5 18. Rxc8+ Bxc8 19. Nxe5 Qxe5 20. Qc1 Qb8 21.
Nc5 O-O 22. Bxa6 Qa7 23. Be2 d6 24. Ne4 Bb7 25. Qb2 Ra8 26. Bc1 Nf6 27. Ng5 h6
28. Nh3 Nd5 29. Qb3 Bf6 30. Qg3 Be5 31. Qh4 Qd4 32. Qxd4 Bxd4 33. Bf3 Kf8 34.
Kh1 Ke7 35. Ng1 Bc6 36. Ne2 Bf6 37. Rd1 Rc8 38. Bd2 Bb5 39. Rc1 Rxc1+ 40. Bxc1
Kd7 41. Bxd5 exd5 42. Be3 Bxe2 0-1

[Event "C.to Provinciale CA"]
[Site "Sinnai ITA"]
[Date "2001.01.21"]
[Round "2"]
[White "Ibba, Isacco"]
[Black "Enis, Aldo"]
[Result "1-0"]
[WhiteElo "1864"]
[BlackElo "1504"]
[PlyCount "47"]
[EventDate "2001.01.20"]

1. e4 e5 2. Nf3 Nc6 3. Bc4 Bc5 4. c3 Nf6 5. d4 exd4 6. cxd4 Bb4+ 7. Nc3 O-O 8.
e5 Ne4 9. Qc2 d5 10. Bd3 f5 11. O-O Be6 12. a3 Be7 13. Ne2 g5 14. Ne1 g4 15. g3
h5 16. Ng2 Kg7 17. h4 Ng5 18. Bxg5 Bxg5 19. b4 Ne7 20. Nef4 Bf7 21. Bxf5 Nxf5
22. Qxf5 Kh6 23. e6 Bxe6 24. Qg6# 1-0

[Event "C.to Provinciale CA"]
[Site "Sinnai ITA"]
[Date "2001.01.21"]
[Round "2"]
[White "Pili, Erika"]
[Black "Lai, Luca"]
[Result "1-0"]
[WhiteElo "1606"]
[BlackElo "1542"]
[PlyCount "73"]
[EventDate "2001.01.20"]

1. e4 e5 2. Nf3 Nc6 3. Bc4 Bc5 4. Nc3 d6 5. h3 Nf6 6. d3 Bd7 7. Be3 Bb6 8. Qd2
h6 9. a3 a6 10. O-O Qc8 11. Nh2 Bxh3 12. gxh3 Qxh3 13. Bxb6 cxb6 14. f4 b5 15.
Ba2 g5 16. fxe5 Qg3+ 17. Qg2 Qxe5 18. Qf2 Qf4 19. Qxf4 gxf4 20. Rxf4 Rg8+ 21.
Kh1 Ke7 22. Re1 Rg7 23. Nd5+ Nxd5 24. exd5+ Ne5 25. d4 Rag8 26. dxe5 dxe5 27.
Rxe5+ Kd6 28. Re1 Rg2 29. Rf6+ Kc5 30. Nf3 a5 31. Re4 a4 32. b4+ axb3 33. Bxb3
b4 34. Rc4+ Kb5 35. a4+ Ka5 36. Rc5+ b5 37. Rxb5# 1-0

[Event "C.to Provinciale CA"]
[Site "Sinnai ITA"]
[Date "2001.01.21"]
[Round "2"]
[White "Pilia, Piero"]
[Black "Cerioni, Armando"]
[Result "1-0"]
[WhiteElo "1669"]
[BlackElo "1413"]
[PlyCount "49"]
[EventDate "2001.01.20"]

1. d4 Nf6 2. c4 e5 3. dxe5 Ng4 4. Nf3 Nc6 5. e3 Bc5 6. Be2 Ngxe5 7. O-O Nxf3+
8. Bxf3 Ne5 9. b3 Qf6 10. Ba3 Nxf3+ 11. Qxf3 Qxa1 12. Bxc5 d6 13. Bd4 Qxa2 14.
Qe4+ Kf8 15. Nc3 Qxb3 16. Nd5 Be6 17. Nxc7 Rc8 18. Nxe6+ fxe6 19. Qxe6 Qxc4 20.
Qxd6+ Kg8 21. Qd7 Qc7 22. Qe6+ Kf8 23. Be5 Re8 24. Bd6+ Re7 25. Qf5+ 1-0

[Event "C.to Provinciale CA"]
[Site "Sinnai ITA"]
[Date "2001.01.21"]
[Round "2"]
[White "Putzolu, Marcello"]
[Black "Ponti, Mario"]
[Result "1-0"]
[WhiteElo "1615"]
[BlackElo "1582"]
[PlyCount "75"]
[EventDate "2001.01.20"]

1. d4 d5 2. c4 e6 3. Nc3 Nf6 4. Nf3 Be7 5. e3 a6 6. Be2 b6 7. O-O O-O 8. cxd5
exd5 9. Ne5 Bb7 10. Bd3 Nbd7 11. f3 Re8 12. e4 Bd6 13. Nxd7 Nxd7 14. e5 Be7 15.
f4 Nf8 16. f5 f6 17. Qh5 c5 18. dxc5 Bxc5+ 19. Kh1 Rxe5 20. Bf4 Re7 21. Rae1
Qd7 22. Rxe7 Qxe7 23. Bc2 Re8 24. Bb3 Rd8 25. h3 Kh8 26. Na4 d4 27. Nxc5 bxc5
28. Bd2 Nd7 29. Rf4 Ne5 30. Rh4 Bxg2+ 31. Kxg2 Qb7+ 32. Kg3 g5 33. fxg6 Nxg6
34. Qxg6 Qc7+ 35. Bf4 Qe7 36. Kf3 d3 37. Rxh7+ Qxh7 38. Qxf6+ 1-0

[Event "C.to Provinciale CA"]
[Site "Sinnai ITA"]
[Date "2001.01.21"]
[Round "3"]
[White "Cerioni, Armando"]
[Black "Lobina, Giulio"]
[Result "1-0"]
[WhiteElo "1413"]
[BlackElo "1470"]
[PlyCount "45"]
[EventDate "2001.01.20"]

1. e4 g6 2. d4 Bg7 3. Nc3 e5 4. Nge2 Ne7 5. Be3 O-O 6. Qd2 Nbc6 7. d5 Nb4 8. a3
Na6 9. O-O-O d6 10. Bh6 b6 11. Bxg7 Kxg7 12. h4 f5 13. h5 f4 14. g3 Bg4 15.
gxf4 exf4 16. Nxf4 Rxf4 17. Qxf4 Bxd1 18. hxg6 h5 19. Qf7+ Kh6 20. Qh7+ Kg5 21.
Nxd1 Qh8 22. Rxh5+ Kf6 23. Qf7# 1-0

[Event "C.to Provinciale CA"]
[Site "Sinnai ITA"]
[Date "2001.01.21"]
[Round "3"]
[White "Enis, Aldo"]
[Black "Mascia, Giancarlo"]
[Result "1-0"]
[WhiteElo "1504"]
[BlackElo "1356"]
[PlyCount "51"]
[EventDate "2001.01.20"]

1. d4 Nf6 2. c4 g6 3. Nc3 Bg7 4. e4 d6 5. Nf3 O-O 6. Be2 Nbd7 7. O-O e5 8. d5
c6 9. dxc6 bxc6 10. Qxd6 Bb7 11. Rd1 Re8 12. Bg5 Qc8 13. b4 h6 14. Bh4 Re6 15.
Qd3 Qc7 16. c5 Nh5 17. Qxd7 Qxd7 18. Rxd7 Bc8 19. Rd8+ Kh7 20. Ba6 Bb7 21. Rxa8
Bxa8 22. Bc4 Re7 23. Bxe7 Nf4 24. Bxf7 Nd3 25. a3 Bb7 26. Rd1 1-0

[Event "C.to Provinciale CA"]
[Site "Sinnai ITA"]
[Date "2001.01.21"]
[Round "3"]
[White "Lai, Luca"]
[Black "Stefanini, Simone"]
[Result "0-1"]
[WhiteElo "1542"]
[BlackElo "1603"]
[PlyCount "36"]
[EventDate "2001.01.20"]

1. e4 d5 2. exd5 Nf6 3. Nc3 Nxd5 4. Bc4 Nb6 5. Bb3 Nc6 6. Nf3 Bf5 7. d3 e6 8.
Bf4 Bd6 9. Qd2 a6 10. Ne4 Bxf4 11. Qxf4 Qe7 12. a3 O-O-O 13. O-O Nd4 14. Rfe1
Nxb3 15. cxb3 Rxd3 16. Rac1 Bxe4 17. Rxc7+ Qxc7 18. Rc1 Rd1+ 0-1

[Event "C.to Provinciale CA"]
[Site "Sinnai ITA"]
[Date "2001.01.21"]
[Round "3"]
[White "Monni, Vittorio"]
[Black "Pili, Erika"]
[Result "1/2-1/2"]
[WhiteElo "1729"]
[BlackElo "1606"]
[PlyCount "40"]
[EventDate "2001.01.20"]

1. e4 e5 2. Nf3 Nc6 3. Bc4 Bc5 4. b4 Nxb4 5. c3 Nc6 6. d4 exd4 7. cxd4 Bb4+ 8.
Bd2 Bxd2+ 9. Qxd2 d6 10. O-O Nge7 11. e5 O-O 12. Qg5 Ng6 13. Qg3 dxe5 14. dxe5
Qe7 15. Nc3 Ncxe5 16. Nxe5 Qxe5 17. Qf3 c6 18. Rfe1 Qf5 19. Qe3 Bd7 20. Rad1
Rfe8 1/2-1/2

[Event "C.to Provinciale CA"]
[Site "Sinnai ITA"]
[Date "2001.01.21"]
[Round "3"]
[White "Perra, Marco"]
[Black "Clementini, Lorenzo"]
[Result "0-1"]
[WhiteElo "1500"]
[BlackElo "1820"]
[PlyCount "72"]
[EventDate "2001.01.20"]

1. e4 Nf6 2. e5 Nd5 3. Bc4 Nb6 4. Bb3 d5 5. d4 Bf5 6. Bg5 Qd7 7. Nc3 e6 8. a3
Nc6 9. h3 Na5 10. Ba2 Be7 11. Bxe7 Qxe7 12. Nb5 a6 13. Nc3 O-O 14. Nf3 Nac4 15.
Qc1 f6 16. Bxc4 Nxc4 17. b3 Nb6 18. exf6 Qxf6 19. O-O Bxh3 20. Qg5 Bf5 21. Rae1
Bxc2 22. Qxf6 Rxf6 23. Re3 Bxb3 24. Nb5 axb5 25. Rxb3 c6 26. Re3 Nc4 27. Re2
Rxa3 28. Ng5 b4 29. Nxe6 b3 30. Nc5 h6 31. Nxb7 b2 32. Rb1 Rf8 33. Nc5 Rb8 34.
Nd7 Ra1 35. Ree1 Rba8 36. Re2 Rxb1+ 0-1

[Event "C.to Provinciale CA"]
[Site "Sinnai ITA"]
[Date "2001.01.21"]
[Round "3"]
[White "Ponti, Mario"]
[Black "Collu, Giuseppe"]
[Result "0-1"]
[WhiteElo "1582"]
[BlackElo "1503"]
[PlyCount "88"]
[EventDate "2001.01.20"]

1. d4 Nf6 2. c4 g6 3. Nc3 Bg7 4. Nf3 O-O 5. e4 d6 6. Be2 Ng4 7. O-O e5 8. d5 f5
9. h3 Nf6 10. exf5 Bxf5 11. Nh2 Na6 12. a3 Nc5 13. b4 Na6 14. Ra2 c5 15. dxc6
bxc6 16. c5 Nc7 17. cxd6 Ncd5 18. Qb3 Qxd6 19. Rd1 h6 20. Bc4 Kh7 21. b5 Qc7
22. Nxd5 cxd5 23. Be2 d4 24. Rad2 Ne4 25. Rc2 Qe7 26. Bd3 Nc3 27. Rdd2 e4 28.
Bxe4 Bxe4 29. Rb2 Qb7 30. f3 Bf5 31. Rf2 d3 32. a4 Ne2+ 33. Rfxe2 dxe2 34. Rxe2
Rfe8 35. Be3 Rac8 36. Nf1 Be6 37. Qb4 Bc4 38. Re1 Bxf1 39. Kxf1 Bc3 40. Qh4
Bxe1 41. Qxh6+ Kg8 42. Kxe1 Qb6 43. Ke2 Rc3 44. Kf2 Qxe3+ 0-1

[Event "C.to Provinciale CA"]
[Site "Sinnai ITA"]
[Date "2001.01.21"]
[Round "3"]
[White "Putzolu, Marcello"]
[Black "Pilia, Piero"]
[Result "0-1"]
[WhiteElo "1615"]
[BlackElo "1669"]
[PlyCount "80"]
[EventDate "2001.01.20"]

1. d4 Nf6 2. c4 e6 3. Nc3 Bb4 4. Bg5 h6 5. Bh4 c5 6. e3 Qa5 7. Nge2 Ne4 8. Qd3
Nxc3 9. Nxc3 Nc6 10. Be2 cxd4 11. exd4 Bxc3+ 12. Qxc3 Qxc3+ 13. bxc3 b6 14. Bg3
Ba6 15. Rb1 O-O 16. Bd6 Rfc8 17. c5 Bxe2 18. Kxe2 bxc5 19. Bxc5 d5 20. Rb7 Na5
21. Rb5 Nc4 22. Rhb1 a5 23. Rb7 g5 24. Kd3 Kg7 25. Ba7 Nd6 26. Rd7 Ne4 27. Rbb7
Rxc3+ 28. Ke2 Rc2+ 29. Kd1 Rxf2 30. Bb8 Ra6 31. Be5+ Kg6 32. Rdc7 Kh5 33. g3 f6
34. g4+ Kxg4 35. Bg3 Rxa2 36. Rb3 a4 37. Rd3 Rb6 38. Kc1 a3 39. Rh7 Ra1+ 40.
Kc2 Rb2# 0-1

[Event "C.to Provinciale CA"]
[Site "Sinnai ITA"]
[Date "2001.01.21"]
[Round "3"]
[White "Sanfilippo, Carlo"]
[Black "Abis, Josto"]
[Result "1/2-1/2"]
[WhiteElo "1533"]
[BlackElo "1512"]
[PlyCount "44"]
[EventDate "2001.01.20"]

1. d4 Nf6 2. c4 e6 3. a3 d5 4. Nc3 c5 5. Bg5 Be7 6. Nf3 O-O 7. e3 Nc6 8. Rc1
cxd4 9. exd4 dxc4 10. Bxc4 h6 11. Bf4 Re8 12. O-O a6 13. d5 exd5 14. Bxd5 Nxd5
15. Nxd5 Bd6 16. Bxd6 Qxd6 17. Ne3 Qg6 18. Nd5 Rb8 19. Re1 Be6 20. Nf4 Qf5 21.
Nxe6 Rxe6 22. h3 Rbe8 1/2-1/2

[Event "C.to Provinciale CA"]
[Site "Sinnai ITA"]
[Date "2001.01.21"]
[Round "3"]
[White "Scarteddu, Marco"]
[Black "Ibba, Isacco"]
[Result "0-1"]
[WhiteElo "1615"]
[BlackElo "1864"]
[PlyCount "81"]
[EventDate "2001.01.20"]

1. d4 d5 2. Nf3 Nf6 3. c4 c6 4. Nc3 e6 5. Bg5 dxc4 6. a4 Be7 7. e3 Nbd7 8. Bxc4
O-O 9. O-O h6 10. Bxf6 Bxf6 11. Ne4 e5 12. Nd6 exd4 13. Nxf7 Rxf7 14. Bxf7+
Kxf7 15. Qb3+ Kf8 16. exd4 Qb6 17. Qxb6 Nxb6 18. Ne5 Bxe5 19. dxe5 Nc4 20. f4
Nxb2 21. f5 Nd3 22. e6 Ke7 23. Ra3 Nb4 24. g4 b6 25. h4 Ba6 26. Rd1 Rd8 27.
Rxd8 Kxd8 28. g5 hxg5 29. hxg5 Ke7 30. Rh3 Bd3 31. Rh7 Kf8 32. e7+ Ke8 33. Rxg7
Bxf5 34. Rg8+ Kxe7 35. Ra8 a5 36. Rb8 Nd5 37. Kf2 c5 38. Rh8 c4 39. Rh6 c3 40.
Ke2 Nf4+ 41. Kd1 0-1

[Event "C.to Provinciale CA"]
[Site "Sinnai ITA"]
[Date "2001.01.21"]
[Round "3"]
[White "Trincas, Claudio"]
[Black "Cirina, Gianluca"]
[Result "0-1"]
[WhiteElo "1603"]
[BlackElo "1690"]
[PlyCount "36"]
[EventDate "2001.01.20"]

1. e4 c5 2. Nf3 d6 3. d4 cxd4 4. Nxd4 Nf6 5. Nc3 g6 6. Bc4 Bg7 7. O-O O-O 8. h3
Nc6 9. Nf3 Na5 10. Bd3 Be6 11. Qe2 Rc8 12. Nd4 Bc4 13. Nb3 Bxd3 14. Qxd3 Nc4
15. Nd2 Ne5 16. Qe3 Qa5 17. Nb3 Qa6 18. Kh1 Qxf1+ 0-1

[Event "C.to Provinciale CA"]
[Site "Sinnai ITA"]
[Date "2001.01.26"]
[Round "4"]
[White "Abis, Josto"]
[Black "Scarteddu, Marco"]
[Result "0-1"]
[WhiteElo "1512"]
[BlackElo "1615"]
[PlyCount "84"]
[EventDate "2001.01.20"]

1. d4 Nf6 2. c4 g6 3. Nc3 d5 4. Nf3 Bg7 5. e3 O-O 6. Bd2 c6 7. Rc1 Nbd7 8. cxd5
Nxd5 9. Nxd5 cxd5 10. Be2 e5 11. dxe5 Nxe5 12. Bc3 f6 13. O-O Be6 14. Nd4 Bf7
15. a3 a6 16. Re1 Re8 17. h3 Rc8 18. Bf1 Nc4 19. Qf3 Nd6 20. Rc2 Ne4 21. Rec1
Nxc3 22. Rxc3 Rxc3 23. Rxc3 f5 24. Qd1 Be5 25. Be2 Qe7 26. Bf3 Rd8 27. Rc1 f4
28. exf4 Bxf4 29. Rc2 Qd7 30. Bg4 Qd6 31. Re2 h5 32. Be6 Be5 33. Bxf7+ Kxf7 34.
Nf3 Bf6 35. Qb3 b5 36. Qd3 Rd7 37. Rc2 d4 38. b4 Kg7 39. Rc5 Rc7 40. Rxc7+ Qxc7
41. Nxd4 Qc1+ 42. Kh2 Qf4+ 0-1

[Event "C.to Provinciale CA"]
[Site "Sinnai ITA"]
[Date "2001.01.26"]
[Round "4"]
[White "Abis, Mariano"]
[Black "Sanfilippo, Carlo"]
[Result "0-1"]
[WhiteElo "1500"]
[BlackElo "1533"]
[PlyCount "82"]
[EventDate "2001.01.20"]

1. d4 e6 2. e4 d5 3. e5 c5 4. c3 Nc6 5. Be3 Qb6 6. Qd2 cxd4 7. Bxd4 Nxd4 8.
cxd4 Bb4 9. Nc3 Ne7 10. a3 Bxc3 11. bxc3 Bd7 12. Bd3 Nc6 13. Nf3 h6 14. O-O Rc8
15. Rfb1 Qc7 16. c4 dxc4 17. Bxc4 Na5 18. Bf1 Qc3 19. Rc1 Qxd2 20. Rxc8+ Ke7
21. Nxd2 Rxc8 22. Rb1 Rc2 23. Nb3 Nxb3 24. Rxb3 Bc6 25. h3 Rc1 26. f4 Bd5 27.
Rd3 Kd7 28. g4 b5 29. f5 a5 30. h4 Bc4 31. Rf3 Rxf1+ 32. Rxf1 Bxf1 33. Kxf1 Kc6
34. Ke2 Kd5 35. Kd3 b4 36. axb4 axb4 37. f6 gxf6 38. exf6 e5 39. dxe5 Kxe5 40.
g5 b3 41. h5 hxg5 0-1

[Event "C.to Provinciale CA"]
[Site "Sinnai ITA"]
[Date "2001.01.26"]
[Round "4"]
[White "Cirina, Gianluca"]
[Black "Caddeo, Narciso"]
[Result "1-0"]
[WhiteElo "1690"]
[BlackElo "1546"]
[PlyCount "61"]
[EventDate "2001.01.20"]

1. e4 c5 2. Nf3 Nc6 3. d4 cxd4 4. Nxd4 Nf6 5. Nc3 d6 6. Bc4 e6 7. Bb3 a6 8. O-O
Be7 9. Be3 O-O 10. f4 Qc7 11. Qf3 e5 12. Nf5 Bxf5 13. exf5 Rad8 14. Rad1 Rfe8
15. fxe5 dxe5 16. Qg3 Rxd1 17. Rxd1 Bf8 18. Nd5 Nxd5 19. Rxd5 Kh8 20. f6 gxf6
21. Qg4 Bd6 22. c3 Ne7 23. Rd1 f5 24. Qh5 f4 25. Qxf7 Rg8 26. Qf6+ Rg7 27. Rxd6
fxe3 28. Qf8+ Ng8 29. Rd8 h5 30. Bxg8 Qxd8 31. Qxd8 1-0

[Event "C.to Provinciale CA"]
[Site "Sinnai ITA"]
[Date "2001.01.26"]
[Round "4"]
[White "Corona, Danilo"]
[Black "Trincas, Claudio"]
[Result "1/2-1/2"]
[WhiteElo "1566"]
[BlackElo "1603"]
[PlyCount "79"]
[EventDate "2001.01.20"]

1. e4 e5 2. Bc4 Nc6 3. c3 Nf6 4. Qe2 Be7 5. Nf3 a6 6. Bb3 d6 7. d3 b5 8. Nbd2
Na5 9. Bc2 c5 10. Nf1 Nc6 11. Bd2 Qc7 12. Ne3 Be6 13. Ng5 h6 14. Nxe6 fxe6 15.
Ng4 O-O-O 16. h3 d5 17. exd5 exd5 18. O-O-O d4 19. Nxf6 Bxf6 20. Qg4+ Kb7 21.
Rde1 dxc3 22. bxc3 Qa5 23. Qe6 Qc7 24. Re4 Qd7 25. Qb3 Na5 26. Qb1 c4 27. Be3
cxd3 28. Rd1 Qc6 29. Rxd3 Rxd3 30. Bxd3 Qxc3+ 31. Qc2 Qa1+ 32. Qb1 Rc8+ 33. Kd1
Qxb1+ 34. Bxb1 Nc4 35. Bc1 Rd8+ 36. Ke2 Kc6 37. a3 Be7 38. Ba2 Bf6 39. Bxc4
bxc4 40. Rxc4+ 1/2-1/2

[Event "C.to Provinciale CA"]
[Site "Sinnai ITA"]
[Date "2001.01.26"]
[Round "4"]
[White "Ibba, Isacco"]
[Black "Pilia, Piero"]
[Result "1-0"]
[WhiteElo "1864"]
[BlackElo "1669"]
[PlyCount "45"]
[EventDate "2001.01.20"]

1. e4 d6 2. d4 g6 3. Bc4 Bg7 4. Nc3 Nc6 5. Be3 e5 6. Nge2 Nh6 7. f3 f5 8. Qd2
f4 9. Bf2 Qe7 10. Nd5 Qd7 11. O-O-O Nf7 12. h4 a6 13. dxe5 dxe5 14. Nexf4 exf4
15. Qxf4 Nd6 16. e5 Nxe5 17. Nf6+ Bxf6 18. Qxf6 Rf8 19. Qxe5+ Qe7 20. Qxe7+
Kxe7 21. Rhe1+ Kd8 22. Bb5 Bd7 23. Rxd6 1-0

[Event "C.to Provinciale CA"]
[Site "Sinnai ITA"]
[Date "2001.01.26"]
[Round "4"]
[White "Pili, Erika"]
[Black "Clementini, Lorenzo"]
[Result "0-1"]
[WhiteElo "1606"]
[BlackElo "1820"]
[PlyCount "33"]
[EventDate "2001.01.20"]

1. e4 Nf6 2. Nc3 d5 3. exd5 Nxd5 4. Nxd5 Qxd5 5. Nf3 Bg4 6. Be2 Nc6 7. c3 e5 8.
d3 O-O-O 9. Be3 f6 10. Qa4 Bd7 11. b4 a6 12. Qc2 Bf5 13. Rd1 g5 14. O-O h5 15.
a3 h4 16. c4 Qd7 17. b5 {...} 0-1

[Event "C.to Provinciale CA"]
[Site "Sinnai ITA"]
[Date "2001.01.26"]
[Round "4"]
[White "Santilli, Enrico"]
[Black "Monni, Vittorio"]
[Result "1-0"]
[WhiteElo "1729"]
[BlackElo "1729"]
[PlyCount "47"]
[EventDate "2001.01.20"]

1. d4 d5 2. e4 dxe4 3. Nc3 Nf6 4. f3 exf3 5. Nxf3 e6 6. Bg5 c6 7. Bd3 Nbd7 8.
Ne5 Be7 9. Qf3 Qa5 10. Bf4 Nxe5 11. dxe5 Nd5 12. Bd2 Nxc3 13. Bxc3 Qb6 14. Rf1
Rf8 15. Bxh7 Bd7 16. O-O-O O-O-O 17. Be4 f5 18. Bd3 g5 19. Bc4 Qc5 20. Bb3 Kb8
21. a3 Qb6 22. Qg3 Bc8 23. Rd6 f4 24. Qe1 1-0

[Event "C.to Provinciale CA"]
[Site "Sinnai ITA"]
[Date "2001.01.27"]
[Round "5"]
[White "Caddeo, Narciso"]
[Black "Sanfilippo, Carlo"]
[Result "1-0"]
[WhiteElo "1546"]
[BlackElo "1533"]
[PlyCount "28"]
[EventDate "2001.01.20"]

1. e4 d6 2. Nf3 c5 3. d4 cxd4 4. Nxd4 Nc6 5. Nc3 Nf6 6. Bc4 e6 7. O-O Ne5 8.
Bb3 g6 9. f4 Nc6 10. Be3 Bd7 11. Qf3 Na5 12. e5 Nxb3 13. axb3 dxe5 14. fxe5 Nd5
1-0

[Event "C.to Provinciale CA"]
[Site "Sinnai ITA"]
[Date "2001.01.27"]
[Round "5"]
[White "Caredda, Giuseppe"]
[Black "Enis, Aldo"]
[Result "0-1"]
[WhiteElo "1558"]
[BlackElo "1504"]
[PlyCount "94"]
[EventDate "2001.01.20"]

1. d4 Nf6 2. Bg5 Ne4 3. Bf4 d5 4. f3 Nd6 5. Nc3 e6 6. e4 c6 7. Qd2 Be7 8. Bxd6
Bxd6 9. e5 Bb4 10. Nge2 Na6 11. O-O-O c5 12. g4 c4 13. h4 Nc7 14. Qg5 O-O 15.
Qxd8 Rxd8 16. g5 Bd7 17. h5 Be7 18. f4 b5 19. g6 fxg6 20. hxg6 hxg6 21. Bg2 g5
22. Rh3 b4 23. Nb1 gxf4 24. Bf3 Bg5 25. Rdh1 Bh6 26. Rg1 Kf8 27. Rh4 Ke7 28.
Nxf4 Rf8 29. Rgg4 Rf7 30. Kd1 Bxf4 31. Rxf4 Raf8 32. Rxf7+ Rxf7 33. Ke2 g5 34.
Rh8 Rg7 35. Bg4 Be8 36. Nd2 Bg6 37. c3 bxc3 38. bxc3 Nb5 39. Ra8 Nxc3+ 40. Ke1
Nb5 41. a4 Nxd4 42. Rxa7+ Kf8 43. Ra6 Re7 44. Rb6 Bf5 45. Rb8+ Kg7 46. Bh5 Ra7
47. Be8 g4 0-1

[Event "C.to Provinciale CA"]
[Site "Sinnai ITA"]
[Date "2001.01.27"]
[Round "5"]
[White "Cerina, Antonio"]
[Black "Abis, Roberto"]
[Result "0-1"]
[WhiteElo "1329"]
[BlackElo "1581"]
[PlyCount "64"]
[EventDate "2001.01.20"]

1. f4 e5 2. e4 Bc5 3. Nf3 exf4 4. d4 Bb6 5. Bc4 d5 6. exd5 Nf6 7. Qe2+ Qe7 8.
Qxe7+ Kxe7 9. Bxf4 Re8 10. O-O Kf8 11. Nc3 Bg4 12. Rad1 Nbd7 13. h3 Bh5 14. Nb5
a6 15. Nxc7 Bxc7 16. Bxc7 b5 17. Bb3 a5 18. a4 b4 19. Bc4 Rec8 20. d6 Ne8 21.
Bb5 Ndf6 22. Bxe8 Nxe8 23. Bb6 Nxd6 24. Bc5 Ra6 25. c3 bxc3 26. bxc3 Kg8 27.
Bxd6 Rxd6 28. Rd3 f6 29. Nd2 Be2 30. Re3 Bxf1 31. Kxf1 Kf7 32. c4 Rxd4 0-1

[Event "C.to Provinciale CA"]
[Site "Sinnai ITA"]
[Date "2001.01.27"]
[Round "5"]
[White "Cirina, Gianluca"]
[Black "Ibba, Isacco"]
[Result "1-0"]
[WhiteElo "1690"]
[BlackElo "1864"]
[PlyCount "97"]
[EventDate "2001.01.20"]

1. e4 e5 2. Nf3 Nc6 3. Bc4 Nf6 4. d3 h6 5. Nc3 d6 6. Be3 Bg4 7. h3 Bh5 8. Qd2
Qd7 9. O-O-O Bxf3 10. gxf3 O-O-O 11. d4 Na5 12. Be2 Be7 13. Nb5 exd4 14. Nxa7+
Kb8 15. Qxa5 dxe3 16. Rd3 c6 17. Rb3 Qc7 18. Rb6 Rde8 19. Nxc6+ Kc8 20. Nxe7+
Rxe7 21. Qa8+ Qb8 22. Qxb8+ Kxb8 23. Rxd6 exf2 24. Rf1 Kc7 25. Rd4 Ra8 26. a3
Ra5 27. Rxf2 Nh5 28. f4 Ng3 29. Bf3 g5 30. Rc4+ Kb6 31. Rb4+ Ka7 32. fxg5 Rxg5
33. Rd2 Rge5 34. Rd5 R5e6 35. Ra5+ Kb8 36. e5 f6 37. Rab5 fxe5 38. Rxb7+ Rxb7
39. Rxb7+ Kc8 40. Bg4 Kxb7 41. Bxe6 Kc6 42. Kd2 Kd6 43. Bg4 Kd5 44. a4 Ke4 45.
a5 h5 46. Bd7 Nf1+ 47. Ke2 Ne3 48. a6 Nc4 49. Bc6+ 1-0

[Event "C.to Provinciale CA"]
[Site "Sinnai ITA"]
[Date "2001.01.27"]
[Round "5"]
[White "Clementini, Lorenzo"]
[Black "Santilli, Enrico"]
[Result "0-1"]
[WhiteElo "1820"]
[BlackElo "1729"]
[PlyCount "68"]
[EventDate "2001.01.20"]

1. d4 f5 2. Bg5 h6 3. Bf4 Nf6 4. e3 d6 5. h4 Be6 6. Bd3 g6 7. c4 Bg7 8. Nc3
Nbd7 9. Qc2 c6 10. Nge2 Bf7 11. Bh2 e5 12. dxe5 dxe5 13. Ng3 Ng4 14. h5 e4 15.
Be2 Nde5 16. hxg6 Bxg6 17. Rd1 Qf6 18. c5 O-O 19. Rd6 Qf7 20. Nf1 Nxh2 21. Nxh2
Rad8 22. Qd1 Rxd6 23. Qxd6 Bf6 24. Qd1 Rd8 25. Qb1 Nd3+ 26. Bxd3 exd3 27. Nf3
Qc4 28. Kd2 Kg7 29. a3 Qxc5 30. Rc1 f4 31. b4 fxe3+ 32. fxe3 Qd6 33. Nd1 Qg3
34. Ne1 Bh4 0-1

[Event "C.to Provinciale CA"]
[Site "Sinnai ITA"]
[Date "2001.01.27"]
[Round "5"]
[White "Collu, Giuseppe"]
[Black "Pili, Erika"]
[Result "1/2-1/2"]
[WhiteElo "1503"]
[BlackElo "1606"]
[PlyCount "71"]
[EventDate "2001.01.20"]

1. e4 e5 2. Nf3 Nc6 3. d4 exd4 4. Nxd4 Nxd4 5. Qxd4 d6 6. Bc4 Bd7 7. O-O Nf6 8.
Nc3 Be7 9. f4 b6 10. Kh1 O-O 11. b3 Ng4 12. Nd5 Kh8 13. e5 c5 14. Qc3 dxe5 15.
Bb2 Bc6 16. Nxe7 Qxe7 17. fxe5 Qh4 18. Qg3 Qxg3 19. hxg3 Ne3 20. Rf2 Nxc4 21.
bxc4 Rad8 22. Raf1 Kg8 23. Kh2 Bd7 24. Rd1 Bg4 25. Rd6 Rd7 26. Rfd2 Rfd8 27.
Kg1 Kf8 28. Kf2 Ke7 29. Ke3 Rxd6 30. exd6+ Rxd6 31. Rxd6 Kxd6 32. Bxg7 a6 33.
Bh6 b5 34. cxb5 axb5 35. a3 Kd5 36. c3 1/2-1/2

[Event "C.to Provinciale CA"]
[Site "Sinnai ITA"]
[Date "2001.01.27"]
[Round "5"]
[White "Lai, Luca"]
[Black "Abis, Josto"]
[Result "0-1"]
[WhiteElo "1542"]
[BlackElo "1512"]
[PlyCount "140"]
[EventDate "2001.01.20"]

1. e4 c5 2. Nf3 Nc6 3. d4 e6 4. Nc3 Nf6 5. Be3 d5 6. exd5 Nxd5 7. Nxd5 Qxd5 8.
dxc5 Be7 9. Qxd5 exd5 10. Bb5 O-O 11. O-O Bg4 12. Nd4 Rac8 13. Nxc6 bxc6 14.
Ba6 Rb8 15. b3 Bf6 16. Rac1 Bc3 17. f3 Bf5 18. Rfd1 Bb2 19. Bf4 Rbd8 20. Bb7
Bxc1 21. Bd6 Be3+ 22. Kf1 Bxc2 23. Ra1 d4 24. Bxf8 Kxf8 25. Ke2 Rd7 26. Ba6 Re7
27. g3 Bc1+ 28. Kf2 Ba3 29. g4 Bxc5 30. Kg3 d3 31. Bxd3 Bxd3 32. Rc1 Bd6+ 33.
Kh4 Re3 34. Rc3 Bg6 35. Kg5 Re5+ 36. Kh4 Re6 37. Kg5 h6+ 38. Kh4 Be5 39. Rc4 c5
40. Rxc5 Bd4 41. Rc8+ Re8 42. Rxe8+ Kxe8 43. Kg3 Bb1 44. a3 a5 45. b4 axb4 46.
axb4 Bd3 47. Kf4 Bc3 48. h4 Bxb4 49. g5 h5 50. Ke5 g6 51. f4 Be1 52. Kd4 Bf5
53. Ke3 Bxh4 54. Kf3 Bg4+ 55. Kg2 Be1 56. Kh2 Bd2 57. Kg2 Ke7 58. Kh2 Bxf4+ 59.
Kg2 Bxg5 60. Kh1 Bh6 61. Kh2 h4 62. Kh1 g5 63. Kh2 Bh5 64. Kh3 f5 65. Kh2 g4
66. Kh1 f4 67. Kh2 h3 68. Kh1 g3 69. Kg1 h2+ 70. Kg2 Kf6 0-1